000 00969nam a22003257a 4500
001 BR9803137
003 BR-BrBNA
005 20230928095923.0
007 ta
008 230509b bl.||||| |||| 00| 0 por d
040 _aBR-BrBNA
_bpor
_cBiblioteca Nacional de Agricultura
041 _a(Por)
072 _aF04
_b3862
090 _ 3862 BR9803137
100 1 _aAccioly, A.M. de A.
110 1 _aUniversidade Federal de Lavras, MG (Brasil)
_0Tese (Mestrado em Agronomia)
245 1 _aPo de forno eletrico de siderurgia como fonte de micronutrientes e seu efeito no solo e na planta
260 3 _aLavras, MG (Brasil):
_c1996.
300 _a70 p.
500 _aSummaries (Eng, Por); Bibliography p. 56-65; 25 tables; 5 illus.
650 _aResiduo Industrial
650 _aMicroelemento
650 _aPoluente
650 _aSolo
650 _aMilho
650 _aAlface
650 _aCalagem
909 _a202309
_bLucia
_c55
_dLucia Elande
942 _cBK
999 _c59410
_d59410